LEADER 01106nam a2200217 i 4500 001 000000149402 003 CaOOAMICUS 005 20060331000000.0 008 060331s1959 it u000 u ita u 013 $a126722 040 $aSeMil$bita 100 1 $aGemelli, Agostino,$c.$0(OLS)http://semarc/name/2238 245 14$aGli Insegnamenti del "Padre" :$bConsiderazioni ascetiche ad uso dei sodali dei tre Istituti dei Missionari della Regalitą di Nostro Signore Gesł Cristo /$cAgostino Gemelli. 260 $aMilano :$b[s.n.],$c1959. 300 $a446 p. :$b[1] ritratto ;$c18 cm. 650 4$aGemelli, Agostino - Insegnamenti.$0(OLS)http://semarc/subject/29184 850 $aSeMil 852 $aSeMil$W1$xVenegono$y1$m3G I 153$j101664$B101664$CSeMilBibl$Z2$F110740 $81 961 $aOmaggio: Altro 996 $6245$aGli Insegnamenti del "Padre" :$bConsiderazioni ascetiche ad uso dei sodali dei tre Istituti dei Missionari della Regalitą di Nostro Signore Gesł Cristo$9(OLS)http://semarc/title/218413 996 $6260$aMilano :$b[s.n.]$9(OLS)http://semarc/publisher/29709 LEADER 01086nam a2200241 4500 001 000000340751 003 CaOOAMICUS 005 20200624000000.0 008 200624s2020 it 000 u ita r 020 $a978-88-97420-41-5$c3. Rist. 040 $aSeMil$bita 100 1 $aNoja, Vincenzo,$d<1946- >.$0(OLS)http://semarc/name/59040 245 10$aSanta Ildegarda di Bingen : $bvisioni cosmiche e rivelazioni divine /$cVincenzo Noja. 264 1$aConegliano (TV) :$bEditrice Ancilla,$c2020. 300 $a240 p. ;$c22 cm 650 4$aIldegarda : di Bingen .$0(OLS)http://semarc/subject/611 830 0$aSanti e beati.$0(OLS)http://semarc/title/429827 850 $aSeMil 852 $aSeMil$W1$xVenegono$y1$m3H III 500$j220584$B232487$CSeMilBibl$Z2$F232487 $81 996 $6020$a978-88-97420-41-5$c3. Rist.$9(OLS)http://semarc/number/290647 996 $6245$aSanta Ildegarda di Bingen : $bvisioni cosmiche e rivelazioni divine$9(OLS)http://semarc/title/429828 996 $6264$aConegliano (TV) :$bEditrice Ancilla$9(OLS)http://semarc/publisher/59043